LIBRARY & INFORMATION CENTRE, KCAET, TAVANUR

ONLINE PUBLIC ACCESS CATALOGUE (OPAC)

A textbook of matrices (for B.Sc. and B.A students) (Record no. 15379)

MARC details
000 -LEADER
fixed length control field 00337nam a22001217a 4500
020 ## - INTERNATIONAL STANDARD BOOK NUMBER
ISBN 9788121925969
082 ## - DEWEY DECIMAL CLASSIFICATION NUMBER
Classification number 512.896
Item number NAR/MA
100 ## - MAIN ENTRY--AUTHOR NAME
Personal name Narayan, Shanti
-- Mittal, P.K
245 ## - TITLE STATEMENT
Title A textbook of matrices (for B.Sc. and B.A students)
260 ## - PUBLICATION, DISTRIBUTION, ETC. (IMPRINT)
Place of publication New Delhi
Name of publisher S. Chand and company Limited
Year of publication 2017
300 ## - PHYSICAL DESCRIPTION
Number of Pages 309
942 ## - ADDED ENTRY ELEMENTS (KOHA)
Koha item type Books
Holdings
Withdrawn status Lost status Damaged status Home library Current library Shelving location Date acquired Cost, normal purchase price Full call number Accession Number Koha item type
      KAUAET KAUAET Scheme 02/05/2018 250.00 512.896 NAR/MA BB 482 Books
free website counter